[Event "Czerniak mem"]
[Site "Tel Aviv"]
[Date "1994.??.??"]
[Round "3"]
[White "Godes, Dmitry R"]
[Black "Weisbuch, Udi"]
[Result "1/2-1/2"]
[WhiteElo "2405"]
[BlackElo "2220"]

1.c4 Nf6 2.Nf3 g6 3.g3 Bg7 4.Bg2 O-O 5.O-O d6 6.d4 c5 7.Nc3 Nc6 8.dxc5 dxc5
9.Be3 Be6 10.Bxc5 Bxc4 11.Qa4 Be6 12.Rfd1 Bd7 13.Nd4 Nxd4 14.Qxd4 b6 15.Ba3 Rc8
16.e4 Be6 17.Qb4 Nd7 18.Nb5 a5 19.Qxe7 Qxe7 20.Bxe7 Bxb2 21.Rab1 Rc2 22.Bxf8 Kxf8
23.Rd6 Be5 24.Nd4 Bxd6 25.Nxc2 Bxa2 26.Rb2 Be6 27.Bf1 a4 28.Nd4 a3 29.Rd2 Bb4
30.Nxe6+ fxe6 31.Rd1 Nc5 32.Bc4 Nxe4 33.Bxe6  1/2-1/2

[Event "Ticino op"]
[Site "Ticino"]
[Date "1994.??.??"]
[Round "7"]
[White "Foisor, Cristina Adela B"]
[Black "Gallagher, Joseph G"]
[Result "0-1"]
[WhiteElo "2405"]
[BlackElo "2470"]

1.c4 g6 2.g3 Bg7 3.Bg2 Nf6 4.Nf3 O-O 5.O-O d6 6.Nc3 e5 7.d3 Nc6 8.Rb1 h6
9.b4 a6 10.a4 Be6 11.Nd2 Rb8 12.Nd5 Ne7 13.Nxe7+ Qxe7 14.b5 Qd7 15.Bb2 Bh3
16.e4 Bxg2 17.Kxg2 Nh7 18.f4 f5 19.Qe2 Rbe8 20.fxe5 Bxe5 21.Bxe5 dxe5 22.Nf3 f4
23.c5 axb5 24.axb5 Ng5 25.Nxg5 hxg5 26.Qa2+ Kg7 27.Qd5 Qg4 28.c6 Rh8 29.Qd7+ Qxd7
30.cxd7 Rd8 31.d4 exd4 32.gxf4 gxf4 33.Rxf4 Rxd7 34.e5 Re8 35.Rd1 Rxe5 36.Rfxd4 Rde7
37.Rd7 Kf6 38.Rxe7 Kxe7 39.Rb1 Kd6 40.Kg3 g5 41.Kg4 Kc5 42.b6 cxb6 43.Rc1+ Kd6
44.Rd1+ Kc6 45.Rc1+ Rc5 46.Rf1 b5 47.Rf6+ Kc7 48.Kf3 Re5 49.Rh6 b4 50.h4 gxh4
51.Rxh4 Kc6 52.Rxb4 b5 53.Rb1 Kc5 54.Kf4 Re8  0-1

[Event "JUG-ch"]
[Site "Tivat"]
[Date "1994.??.??"]
[Round "9"]
[White "Vukic, Milan"]
[Black "Ilincic, Zlatko"]
[Result "1/2-1/2"]
[WhiteElo "2425"]
[BlackElo "2530"]

1.Nf3 g6 2.c4 Nf6 3.g3 Bg7 4.Bg2 O-O 5.O-O d5 6.cxd5 Nxd5 7.d4 Nb6 8.Nc3 Nc6
9.e3 Re8 10.Ne1 e5 11.d5 Ne7 12.e4 f5  1/2-1/2

[Event "Four Nations Team U20"]
[Site "Tjele"]
[Date "1994.??.??"]
[Round "3"]
[White "Hagesaether, Paal Vegard"]
[Black "Malekian, Babak"]
[Result "1-0"]
[WhiteElo "2130"]
[BlackElo "2280"]

1.c4 Nf6 2.g3 g6 3.Bg2 Bg7 4.Nf3 O-O 5.O-O d6 6.Nc3 Nc6 7.d3 e5 8.Rb1 Rb8
9.b4 a6 10.a4 Nd4 11.b5 axb5 12.axb5 Bg4 13.Nxd4 exd4 14.Nd5 Nxd5 15.cxd5 Re8
16.Re1 Ra8 17.h3 Bd7 18.Qc2 h5 19.Qc4 h4 20.g4 Ra5 21.Bd2 Ra7 22.e4 dxe3
23.Bxe3 b6 24.Rec1 f5 25.Bf3 Kf7 26.Kh1 Bf6 27.Rg1 Rh8 28.Rg2 Qe8 29.gxf5 Bxf5
30.Be4 Qd7 31.Kh2 Be5+ 32.f4 Bf6 33.Bd4 Bxd4 34.Qxd4 Rg8 35.Rbb2 Bxe4 36.dxe4 Ra3
37.Rg4 Qe7 38.e5 dxe5 39.fxe5 Rf3 40.Rc2 Ke8  1-0

[Event "SVK-ch"]
[Site "Topolcianky"]
[Date "1994.??.??"]
[Round "2"]
[White "Szamos, Alexander"]
[Black "Tibensky, Robert"]
[Result "0-1"]
[WhiteElo "2110"]
[BlackElo "2410"]

1.Nf3 Nf6 2.g3 g6 3.Bg2 Bg7 4.c4 O-O 5.Nc3 d6 6.O-O a6 7.b3 Nbd7 8.Bb2 Rb8
9.Qc2 e5 10.d4 b5 11.cxb5 axb5 12.b4 Re8 13.e4 c6 14.Nd1 Bb7 15.dxe5 dxe5
16.Nc3 Qe7 17.a3 c5 18.bxc5 Nxc5 19.Nd2 Rec8 20.f3 Na4 21.Kh1 Qc5 22.Rac1 Bh6
23.Bh3 Rc7 24.Qb3 Nxb2 25.Qxb2 Qd4 26.Nb3 Bxc1 27.Rxc1 Qe3  0-1

[Event "SVK-ch"]
[Site "Topolcianky"]
[Date "1994.??.??"]
[Round "4"]
[White "Konopka, Michal"]
[Black "Bednar, Jaromir"]
[Result "1/2-1/2"]
[WhiteElo "2455"]
[BlackElo "2180"]

1.Nf3 Nf6 2.c4 g6 3.g3 Bg7 4.Bg2 O-O 5.O-O d6 6.d4 Nbd7 7.Nc3 e5 8.e4 Re8
9.h3 exd4 10.Nxd4 Nc5 11.Re1 Bd7 12.Bf4 a6 13.Rc1 h6 14.f3 Nh5 15.Nde2 Nxf4
16.Nxf4 b5 17.b4 Ne6 18.Nxe6 Bxe6 19.cxb5 axb5 20.Nxb5 Rxa2 21.Nxc7 Re7 22.Nxe6 Qb6+
23.Kh2 Rxe6 24.Re2 Rxe2 25.Qxe2 Qxb4 26.Rc8+ Kh7 27.Rc7 d5 28.Rxf7 Re7 29.Rxe7 Qxe7
30.f4 dxe4 31.Bxe4 Qf6 32.Bc2 Qd4 33.h4 Bf6 34.h5 Kg7 35.Bxg6 Qd7 36.Bd3 Qf7
37.Bc4 Qd7 38.Qe4 Qd2+ 39.Kh3 Qd7+ 40.Kg2 Qd2+ 41.Be2 Kf8 42.Qe6 Kg7 43.Kh3 Qd8
44.Bc4 Kh8 45.Qf7 Bg7 46.Be6 Qa8 47.Bd5 Qc8+ 48.Be6 Qa8 49.Kg4 Qd8 50.Bd7 Qf6
51.Qd5 Qe7 52.Kh3 Bf8 53.Bb5 Qf6 54.Bd3 Qd6 55.Qf5 Qe7 56.Kg2 Qb7+ 57.Be4 Qb2+
58.Kh3 Qg7 59.g4 Be7 60.Bd3 Bf6 61.Kg2 Qb7+ 62.Kg3 Qe7 63.Kg2 Qb7+ 64.Kh3 Qe7
65.Bc4 Qd8 66.Bd5 Qe7 67.Qc8+ Qd8 68.Qe6 Qf8 69.Kg2 Kg7 70.g5 hxg5 71.fxg5 Bxg5
72.Qg6+ Kh8 73.Be6 Be3 74.Qg8+ Qxg8+  1/2-1/2

[Event "Vladivostok"]
[Site "Vladivostok"]
[Date "1994.??.??"]
[Round "7"]
[White "Zhidkov, Valery S"]
[Black "Ivanov, Mikhail M"]
[Result "1/2-1/2"]
[WhiteElo "2395"]
[BlackElo "2475"]

1.Nf3 Nf6 2.c4 g6 3.g3 Bg7 4.Bg2 O-O 5.O-O d6 6.d4 Nbd7 7.Qc2 e5 8.Rd1 Re8
9.Nc3 c6 10.e4 exd4 11.Nxd4 a5 12.h3 Qe7 13.Bf4 Nh5 14.Be3 Nc5 15.Re1 Bd7
16.Rad1 a4 17.Kh2 Be6 18.Nxe6 Qxe6 19.Bxc5 dxc5 20.Nxa4 Bd4 21.b3 Qf6 22.Re2 g5
23.Rd3 Ng7 24.Qd1 h5 25.Qe1 h4 26.Nb6 Ra6 27.Na4 Ne6 28.e5 Qg7 29.Bf3 hxg3+
30.fxg3 Nf8 31.Bg4 Rxe5 32.Rxe5 Bxe5 33.Bc8 f6 34.Qe4 Bd4 35.Rd2 Qc7 36.Qe8 Kg7
37.Re2 Be5 38.Nxc5 Ra8 39.Rd2 Rxc8 40.Ne6+ Nxe6 41.Rd7+ Kh6 42.Qf7 Rh8 43.Rxc7 Nxc7
44.Kg2 Rd8 45.Kf2 Rd3 46.Ke2 Rxg3  1/2-1/2

[Event "Wattens op"]
[Site "Wattens"]
[Date "1994.??.??"]
[Round "5"]
[White "Platzgummer, Peter"]
[Black "Karrer, Georg"]
[Result "0-1"]
[WhiteElo "1690"]
[BlackElo "1870"]

1.c4 Nf6 2.Nf3 g6 3.g3 Bg7 4.Bg2 O-O 5.O-O d5 6.d3 Nc6 7.Nbd2 Bg4 8.Rb1 Qd7
9.b4 Qf5 10.Nh4 Qh5 11.Bf3 Bxf3 12.Ndxf3 dxc4 13.dxc4 Rad8 14.Qb3 e5 15.Bg5 e4
16.Bxf6 Bxf6 17.b5 exf3 18.bxc6 Bxh4 19.exf3 Be7 20.Qe3 Bc5 21.g4 Bxe3 22.gxh5 Bb6
23.cxb7 c5 24.a4 Ba5 25.Rb5 Bb4 26.a5 a6 27.Rb6 Rb8 28.Rb1 Bxa5 29.Rxa6 Bb4
30.Rb6 Rfe8 31.R1xb4 cxb4 32.c5 Re1+ 33.Kg2 Rc1 34.c6 b3 35.h6 b2 36.Rxb2 Rxc6
37.Ra2 Rc7  0-1

[Event "Wattens op"]
[Site "Wattens"]
[Date "1994.??.??"]
[Round "6"]
[White "Lazar, Dorin"]
[Black "Hoellrigl, Wilfried"]
[Result "0-1"]
[WhiteElo "2210"]
[BlackElo "2220"]

1.c4 Nf6 2.Nf3 g6 3.g3 Bg7 4.Bg2 O-O 5.O-O d6 6.d4 Nbd7 7.Nc3 c6 8.h3 e5
9.e4 Qb6 10.Re1 exd4 11.Nxd4 Re8 12.Re2 Qb4 13.Rc2 a5 14.Bd2 Qb6 15.Be3 Qc7
16.Rac1 Nc5 17.Ndb5 cxb5 18.Nxb5 Qe7 19.Nxd6 Ncxe4 20.Nxe8 Qxe8 21.Re2 Qf8
22.Bf4 g5 23.Be5 Bf5 24.Qd4 Rd8 25.Qb6 Nd7 26.Bxg7 Kxg7 27.Qxa5 Ndc5 28.Rce1 Nf6
29.Re5 b6 30.Qc3 Rd3 31.Qc1 Bg6 32.Qxg5 h6 33.Qh4 Rd2 34.R5e2 Qd6 35.Bd5 Rxe2
36.Rxe2 Nxd5 37.Qd4+ Qf6 38.Qxd5 Kh7 39.b4 Ne6 40.Qe5 Qe7 41.a3 Qd7 42.Qd5 Qa4
43.Qf3 Qd1+ 44.Kh2 Ng5 45.Qe3 Be4 46.Re1 Nf3+  0-1

[Event "Wattens op"]
[Site "Wattens"]
[Date "1994.??.??"]
[Round "6"]
[White "Embacher, Gregor"]
[Black "Hofmann, Matthias"]
[Result "1/2-1/2"]
[WhiteElo "1900"]
[BlackElo "1805"]

1.c4 Nf6 2.Nf3 g6 3.g3 Bg7 4.Bg2 O-O 5.O-O c5 6.Nc3 Nc6 7.b3 d5 8.cxd5 Nxd5
9.Bb2 a6 10.Qc2 Nxc3 11.Bxc3 Bxc3 12.dxc3 Qc7 13.Rfd1 Bf5 14.e4 Bg4 15.h3 Bxf3
16.Bxf3 Rfd8 17.Rd5 Rxd5 18.exd5 Ne5 19.Be2 c4 20.bxc4 Nxc4 21.Bxc4 Qxc4
22.Qb3 Qxb3 23.axb3 Kf8 24.c4  1/2-1/2

[Event "Wattens op"]
[Site "Wattens"]
[Date "1994.??.??"]
[Round "6"]
[White "Erlacher, Herbert"]
[Black "Kleiser, Gregor"]
[Result "1/2-1/2"]
[WhiteElo "1845"]
[BlackElo "2075"]

1.Nf3 Nf6 2.c4 g6 3.g3 Bg7 4.Bg2 O-O 5.O-O d5 6.d3 c5 7.Nbd2 Nc6 8.a3 Qc7
9.cxd5 Nxd5 10.Qc2 b6 11.Rb1 Bb7 12.b3 Rac8 13.Bb2 Nd4 14.Nxd4 cxd4 15.Qxc7 Rxc7
16.Rfc1 Rfc8 17.Ne4 Nc3 18.Bxc3 Bxe4 19.Bd2 Bxg2 20.Kxg2 Rc2 21.Rxc2 Rxc2
22.Rd1 f5 23.Kf3 Kf7 24.a4 Rb2 25.b4 Ra2 26.a5 b5 27.Be1 Rc2 28.Bd2 a6 29.e4 e5
30.Ke2 Bf8 31.Rb1 Bh6 32.f4 exf4 33.Kd1 Rxd2+ 34.Kxd2 fxg3+ 35.Ke2 gxh2 36.exf5 gxf5
37.Kf3 Be3 38.Kg2 Bg1 39.Rf1 Kg6 40.Rf3 h5 41.Rg3+ Kf6 42.Rh3 Kg5 43.Rg3+ Kf4
44.Rf3+ Ke5 45.Rh3 Be3 46.Rxh5 Bd2 47.Rxh2 Bxb4 48.Kf3 Bxa5 49.Ra2 Bc3 50.Rxa6 Kd5
51.Rf6 Kc5 52.Rxf5+ Kb4 53.Ke2 Ka4 54.Kd1 b4 55.Kc2 b3+ 56.Kb1 Kb4  1/2-1/2

[Event "Werfen op"]
[Site "Werfen"]
[Date "1994.??.??"]
[Round "?"]
[White "Juergens, Klaus"]
[Black "Drozdov, Igor"]
[Result "0-1"]
[WhiteElo "2120"]
[BlackElo "2405"]

1.Nf3 Nf6 2.c4 g6 3.g3 Bg7 4.Bg2 O-O 5.d4 d6 6.O-O Nbd7 7.Nc3 e5 8.e4 exd4
9.Nxd4 Re8 10.h3 Nc5 11.Re1 h6 12.Qc2 Nfxe4 13.Nxe4 Bxd4 14.Bxh6 Bf5 15.Qd2 Be5
16.Bg5 Nxe4 17.Bxe4 Qc8 18.Qc2 Bxe4 19.Rxe4 Qxh3 20.Rh4 Qf5 21.Qxf5 gxf5
22.Kg2 Re6 23.Rah1 Rae8 24.Bf4 Bxb2 25.Rh5 Bd4 26.Rg5+ Rg6 27.Rxf5 Re2 28.Bc1 Rxa2
29.Rh4 Be5 30.Bf4 Bf6 31.Rh1 Bd4 32.Bc1 Rc2 33.Rh4 Be5  0-1

[Event "Werfen op"]
[Site "Werfen"]
[Date "1994.??.??"]
[Round "?"]
[White "Schwarzmeier, Klaus"]
[Black "Staller, Peter"]
[Result "1-0"]
[WhiteElo "2130"]
[BlackElo "2385"]

1.c4 Nf6 2.g3 g6 3.Bg2 Bg7 4.Nf3 O-O 5.O-O c6 6.Qc2 d5 7.b3 a5 8.a3 Na6 9.d3 a4
10.Nbd2 axb3 11.Nxb3 dxc4 12.Qxc4 Nd7 13.Rb1 Nb6 14.Qh4 Nd5 15.Bh6 f6 16.Bxg7 Kxg7
17.Nfd2 Nac7 18.Nc4 Nb5 19.Ra1 Nd6 20.Nxd6 Qxd6 21.a4 Nc3 22.Rfe1 Be6 23.Nd4 Bd7
24.Nb3 Ra7 25.Qc4 Nxa4 26.Qc2 Rfa8 27.Rab1 Be6 28.Nd2 Qc5 29.Qd1 f5 30.Nf3 Qc3
31.e4 Qf6 32.Qd2 fxe4 33.Ng5 Nc5 34.Nxe4 Nxe4 35.Bxe4 Bh3 36.Qe3 Bc8 37.Bg2 e6
38.h4 Ra2 39.Qc5 R8a3 40.Rb4 Ra5 41.Qb6 e5 42.Rf1 Qd6 43.Re4 Rb5 44.Qe3 Bf5
45.h5 Bxe4 46.Bxe4 Rab2 47.Kg2 R5b4 48.hxg6 hxg6 49.Rh1 Qf8 50.Qh6+ Kf7 51.Qxg6+ Ke7
52.Rh7+ Kd8 53.Bf5  1-0

[Event "Wiesbaden op"]
[Site "Wiesbaden"]
[Date "1994.??.??"]
[Round "2"]
[White "Rueger, Erhard"]
[Black "Christ, Ralf"]
[Result "0-1"]
[WhiteElo "2165"]
[BlackElo "2250"]

1.Nf3 Nf6 2.g3 g6 3.Bg2 Bg7 4.c4 O-O 5.O-O d5 6.cxd5 Nxd5 7.Nc3 Nc6 8.Nxd5 Qxd5
9.d3 Qb5 10.Rb1 a5 11.Bf4 e5 12.Be3 Nd4 13.Nxd4 exd4 14.Bf4 c5 15.Qc2 Be6
16.b3 Rac8 17.Qd2 b6 18.h4 h5 19.Be4 Qd7 20.Rbc1 Rfe8 21.Bf3 Bd5 22.Bxd5 Qxd5
23.Rfe1 Rc6 24.Rc2 Rce6 25.Qc1 Qf5 26.Kg2 Qg4 27.Qd1 Be5 28.f3 Qf5 29.Bg5 f6
30.e4 dxe3 31.g4 hxg4 32.fxg4 Qf2+ 33.Rxf2 exf2 34.Rf1 fxg5 35.Rxf2 Bd4 36.Rc2 gxh4
37.g5 Re3 38.Qd2 Rf8 39.Qd1 Rf5 40.Kh1 Rxg5 41.Qf1  0-1

[Event "Wiesbaden op"]
[Site "Wiesbaden"]
[Date "1994.??.??"]
[Round "8"]
[White "Rueger, Erhard"]
[Black "Weber, Ulrich"]
[Result "0-1"]
[WhiteElo "2165"]
[BlackElo "2305"]

1.Nf3 Nf6 2.g3 g6 3.Bg2 Bg7 4.c4 O-O 5.O-O d6 6.Nc3 e5 7.b4 a5 8.b5 Re8 9.Ba3 c6
10.Rc1 d5 11.bxc6 Nxc6 12.Nb5 e4 13.Ng5 h6 14.cxd5 Nb4 15.Nc7 hxg5 16.Nxa8 Nbxd5
17.Qc2 Bg4 18.Nc7 Nxc7 19.Qxc7 Bxe2 20.Rfe1 Qxd2 21.Qc2 Qxc2 22.Rxc2 Bd3
23.Rc7 b5 24.Bc5 g4 25.h3 gxh3 26.Bxh3 Rb8 27.Ba7 Rd8 28.Rc8 Rxc8 29.Bxc8 Nd5
30.Bc5 Bc3 31.Rc1 Bb2 32.Re1 Nc3 33.Bb7 b4 34.Kg2 Nxa2 35.Bxe4 Bxe4+ 36.Rxe4 Bc3
37.Re8+ Kg7 38.Rb8 a4 39.Kf3 a3 40.Ke4 Bb2 41.Kd3 b3 42.Bd4+ Bxd4 43.Kxd4 b2
44.Kd3 Nb4+  0-1

[Event "Zalakaros op"]
[Site "Zalakaros"]
[Date "1994.??.??"]
[Round "3"]
[White "Kustar, Sandor"]
[Black "Mochalov, Evgeny V"]
[Result "1/2-1/2"]
[WhiteElo "2360"]
[BlackElo "2450"]

1.Nf3 Nf6 2.c4 g6 3.g3 Bg7 4.Bg2 O-O 5.d4 c6 6.Nc3 d6 7.O-O Nbd7 8.e4 e5
9.h3 a6 10.Be3 b5 11.cxb5 axb5 12.a3 Bb7 13.Qc2 Qe7 14.Rad1 Rfe8 15.Rfe1 Rac8
16.Qb1 Rb8 17.d5 cxd5 18.exd5 Ba8 19.b4 Rec8 20.Qb2 Qd8 21.Nd2 Nb6 22.Qb3 Qd7
23.Rc1 h5 24.Rc2 Nc4 25.Nxc4 Rxc4 26.Bf1 Rbc8 27.Rec1 Nxd5 28.Nxb5 Rxc2 29.Rxc2 Rxc2
30.Qxc2 Qb7 31.Qe4 f5 32.Qf3 Nxe3 33.Qxb7 Bxb7 34.fxe3 Bf8 35.Nc7 d5 36.Ba6 Bxa6
37.Nxa6 Kf7 38.b5 Bxa3 39.b6 Bd6 40.b7 Ke6 41.h4 f4 42.exf4  1/2-1/2

[Event "Zalakaros op"]
[Site "Zalakaros"]
[Date "1994.??.??"]
[Round "4"]
[White "Richter, Gerald"]
[Black "Zimmerman, Yuri"]
[Result "0-1"]
[WhiteElo "2205"]
[BlackElo "2345"]

1.c4 Nf6 2.Nf3 g6 3.g3 Bg7 4.Bg2 O-O 5.d4 d6 6.Nc3 Nc6 7.O-O a6 8.b3 Rb8
9.Bb2 b5 10.cxb5 axb5 11.d5 Na5 12.Nd4 Bd7 13.e4 b4 14.Nce2 Ne8 15.Qd2 Rb6
16.Nc1 e5 17.Nc2 c5 18.dxc6 Nxc6 19.Nd3 Qb8 20.f4 Bh6 21.Ne3 f6 22.Nd5 Rb5
23.Rfc1 Nc7 24.Rc4 Nxd5 25.exd5 Ne7 26.Nxb4 Nf5 27.Nc6 Qb6+ 28.Qf2 Ne3 29.Rc3 exf4
30.gxf4 Nxg2 31.Qxb6 Rxb6 32.Kxg2 Bxf4 33.Rc4 Be5 34.Bxe5 fxe5 35.Rb1 Kg7
36.a4 Bf5 37.Rb2 Bd3 38.Rb4 Rxb4 39.Nxb4 Be4+ 40.Kg1 Rb8 41.Nc6 Rb7 42.Na5 Rc7
43.Nc4 Bxd5 44.Nxd6 Rc6 45.Nb5 e4 46.Kf2 Rf6+ 47.Ke2 Rf3 48.Nd4 Rh3 49.Ke1 Kf6
50.a5 Ke5 51.Nb5 Bb7 52.Nc7 Rc3 53.a6 Rxc7 54.axb7 Rxb7 55.Ke2 Rb4 56.Ke3 g5
57.Rb1 h6 58.Rb2 Kf5 59.h3 Kg6 60.Kd2 Kh5 61.Kc3 Rb8 62.Re2 Kh4 63.Re3 Rf8
64.b4 Rf3 65.Kd4 Kxh3 66.b5 g4 67.b6 g3 68.b7 Rf8 69.Kxe4 Kh2  0-1

[Event "Zalakaros op"]
[Site "Zalakaros"]
[Date "1994.??.??"]
[Round "5"]
[White "Loginov, Valery A"]
[Black "Kopjonkin, Gennady"]
[Result "0-1"]
[WhiteElo "2540"]
[BlackElo "2390"]

1.Nf3 Nf6 2.g3 g6 3.c4 Bg7 4.Bg2 O-O 5.d4 d6 6.O-O Nc6 7.Nc3 a6 8.Bd2 Rb8
9.Rc1 Bd7 10.d5 Na5 11.b3 c5 12.dxc6 Bxc6 13.Qc2 b5 14.cxb5 axb5 15.Nd4 Bxg2
16.Kxg2 Qd7 17.Ndxb5 Rxb5 18.Nxb5 Qxb5 19.b4 Qd5+ 20.f3 Nc4 21.Qxc4 Qxd2
22.Rfd1 Qe3 23.a4 h5 24.Rc2 d5 25.Qd3 Qa7 26.a5 e5 27.Ra2 d4 28.Qb3 Qa8 29.e4 dxe3
30.Qxe3 e4 31.Rad2 Kh7 32.h3 h4 33.Rd4 Re8 34.f4 Nh5 35.Rd7 Nxg3 36.Rxf7 Nf5
37.Qa7 Qxa7 38.Rxa7 Ne3+  0-1

[Event "Zalakaros op"]
[Site "Zalakaros"]
[Date "1994.??.??"]
[Round "7"]
[White "Richter, Gerald"]
[Black "Horvath, A."]
[Result "1-0"]
[WhiteElo "2205"]
[BlackElo "2070"]

1.c4 Nf6 2.Nf3 g6 3.g3 Bg7 4.Bg2 O-O 5.d4 c5 6.Nc3 cxd4 7.Nxd4 Nc6 8.O-O Ng4
9.e3 Nge5 10.b3 d6 11.Bb2 Bg4 12.f3 Bd7 13.Qd2 Nxd4 14.exd4 Nc6 15.d5 Nd4
16.Ne2 Nf5 17.Bxg7 Kxg7 18.Nd4 Qb6 19.Rad1 Qc5 20.Kh1 Nxd4 21.Qxd4+ Qxd4
22.Rxd4 b5 23.Re1 Rfe8 24.cxb5 Bxb5 25.Rb4 Rab8 26.Bh3 a5 27.Rbe4 Kf8 28.Kg1 h6
29.Rc1 f5 30.Ree1 Rbc8 31.Bf1 Bxf1 32.Kxf1 Kf7 33.f4 Rb8 34.Rc4 Rec8 35.Rec1 Rxc4
36.Rxc4 Rb5 37.Rd4 e6 38.dxe6+ Kxe6 39.Ke2 d5 40.Kd2 Kd6 41.Rd3 g5 42.Rd4 Kc5
43.Ra4 Kb6 44.fxg5 hxg5 45.h4 gxh4 46.gxh4 Rc5 47.Rf4 Rc6 48.Rxf5 Kc5 49.h5 Rd6
50.Kd3 Rh6 51.Kc3 Re6 52.Rf3 Rh6 53.Rh3 Kc6 54.Kd4 Kd6 55.a3 Ke6 56.b4 axb4
57.axb4 Kd6 58.b5 Re6 59.h6 Re4+ 60.Kc3 Ra4 61.Kb3 Ra8 62.h7 Rh8 63.Kb4 Ke5
64.Kc5 d4 65.b6 d3 66.Re3+ Kf4 67.Rxd3 Rxh7 68.Kc6 Ke5 69.b7 Rh6+ 70.Kc7  1-0

[Event "Tyneside International"]
[Site "Newcastle"]
[Date "1995.05.26"]
[Round "2"]
[White "McFarland, Robert"]
[Black "Rowson, Jonathan"]
[Result "0-1"]
[WhiteElo "2255"]
[BlackElo "2345"]

1.Nf3 Nf6 2.g3 g6 3.Bg2 Bg7 4.c4 O-O 5.O-O d6 6.d4 Nbd7 7.Nc3 e5 8.e4 exd4
9.Nxd4 Re8 10.f3 c6 11.Nc2 Ne5 12.b3 d5 13.cxd5 cxd5 14.exd5 Bf5 15.Ne3 Bd3
16.Rf2 Rc8 17.Bd2 Qb6 18.Ne2 Ba6 19.Bh3 Nd3 20.Bxc8 Nxf2 21.Kxf2 Nxd5  0-1

[Event "Aceimar op"]
[Site "Aceimar"]
[Date "1995.??.??"]
[Round "?"]
[White "Antunes, Antonio"]
[Black "Glavina, Pablo"]
[Result "1/2-1/2"]
[WhiteElo "2530"]
[BlackElo "2390"]

1.Nf3 Nf6 2.c4 g6 3.g3 Bg7 4.Bg2 O-O 5.d4 d6 6.O-O Nc6 7.Nc3 Bf5 8.b3 e5
9.d5 Ne7 10.Ne1 Ne8 11.e4 Bd7 12.Nd3 c5 13.Bd2 f5 14.Rc1 Nf6 15.f4 exf4 16.Nxf4 Ng4
17.Qe2 Qc8 18.h3 Ne5 19.Kh2 Kh8 20.Rce1 a6 21.a4 Rb8 22.Qd1 Rf7 23.Qc2 b6
24.Bc1 b5 25.axb5 axb5 26.Nxb5 Bxb5 27.cxb5 Rxb5 28.Ne6 Bf6 29.Ng5 Rf8 30.Ne6 Rf7
31.Ng5 Rf8 32.Ne6  1/2-1/2

[Event "Aceimar op"]
[Site "Aceimar"]
[Date "1995.??.??"]
[Round "?"]
[White "Antunes, Antonio"]
[Black "Menendez Rey, Javier"]
[Result "1-0"]
[WhiteElo "2530"]
[BlackElo "2270"]

1.Nf3 Nf6 2.c4 g6 3.g3 Bg7 4.Bg2 O-O 5.O-O d6 6.d4 c5 7.Nc3 Nc6 8.d5 Na5
9.Nd2 a6 10.Qc2 Rb8 11.b3 b5 12.Bb2 bxc4 13.bxc4 e5 14.Rab1 Bh6 15.e3 Bf5
16.Nce4 Nxe4 17.Nxe4 Bxe4 18.Bxe4 f5 19.Bd3 Qd7 20.Bc3 Nb7 21.Rb6 Rbe8 22.Re1 f4
23.exf4 exf4 24.Rxe8 Rxe8 25.Bxg6  1-0

[Event "Aceimar op"]
[Site "Aceimar"]
[Date "1995.??.??"]
[Round "?"]
[White "Guimaraes, Jorge"]
[Black "Brito, Alfredo"]
[Result "1/2-1/2"]
[WhiteElo "2335"]
[BlackElo "2360"]

1.Nf3 Nf6 2.c4 g6 3.g3 Bg7 4.Bg2 O-O 5.O-O d6 6.Nc3 a6 7.d3 c6 8.Bd2 Re8
9.Rb1 e5 10.e4 h6 11.b4 d5 12.cxd5 cxd5 13.Nxd5 Nxd5 14.exd5 Qxd5 15.Nxe5 Qd8
16.Nc4 Bf5 17.Be3 Nc6 18.Be4 Bxe4 19.dxe4 Rxe4 20.Nb6 Qxd1 21.Rfxd1 Rae8
22.a3 Nd4 23.Bxd4 Rxd4 24.Kf1 Re6 25.Na4 Rc4 26.Nc5 Re7 27.Re1 Rxe1+ 28.Rxe1 Bb2
29.Re3 Rc1+ 30.Ke2 Ra1 31.Nxb7 Rxa3 32.Nc5 Ra2 33.Kd3 Bf6 34.Re2 Ra1 35.h4  1/2-1/2

[Event "Albacete op"]
[Site "Albacete"]
[Date "1995.??.??"]
[Round "?"]
[White "Spassov, Liuben"]
[Black "Panchenko, Alexandar G"]
[Result "1/2-1/2"]
[WhiteElo "2450"]
[BlackElo "2480"]

1.Nf3 Nf6 2.g3 g6 3.c4 Bg7 4.Bg2 O-O 5.O-O c6 6.d4 d5 7.b3 Bf5 8.Bb2 Nbd7
9.Nbd2 Be4 10.Nxe4 Nxe4 11.Qc2 e6 12.Ne1 f5 13.Nd3 Qe7 14.e3 Bh6 15.Rae1 Rae8
16.f3 Nef6 17.Nf2 e5 18.e4 dxe4 19.fxe4 f4 20.gxf4 Bxf4 21.d5 Nh5 22.Nd3 Qh4
23.Bf3 Qh3 24.Bxh5 Be3+ 25.Nf2 Rxf2 26.Rxf2 Bxf2+ 27.Qxf2 Qxh5 28.Ba3 c5
29.Bxc5  1/2-1/2

[Event "Altensteig"]
[Site "Altensteig"]
[Date "1995.??.??"]
[Round "2"]
[White "Zueger, Beat"]
[Black "Gabriel, Christian"]
[Result "1/2-1/2"]
[WhiteElo "2470"]
[BlackElo "2475"]

1.Nf3 Nf6 2.c4 g6 3.g3 Bg7 4.Bg2 O-O 5.O-O d6 6.Nc3 e5 7.d3 Re8 8.Rb1 c6
9.Bg5 Nbd7 10.b4 h6 11.Bxf6 Nxf6 12.b5 Qa5 13.Qc2 Be6 14.Nd2 d5 15.Nb3 Qa3
16.bxc6 bxc6 17.Qc1 Qe7 18.Na5 Rec8 19.Rb7 Qc5 20.Nb3 Qd6 21.Na5 Bf8 22.Na4 Nd7
23.Qc2 Qa3 24.Qb3 Qxb3 25.axb3 Nf6 26.b4 e4 27.dxe4 Nxe4 28.b5 cxb5 29.Rxb5 Nd6
30.Bxd5 Bxd5 31.Rxd5 Nxc4 32.Nxc4 Rxc4 33.Ra1 Rb8 34.Kg2 Bb4 35.Rb1  1/2-1/2

[Event "Andorra op"]
[Site "Andorra"]
[Date "1995.??.??"]
[Round "2"]
[White "Antunes, Antonio"]
[Black "Iglesias, F."]
[Result "1-0"]
[WhiteElo "2525"]
[BlackElo "2005"]

1.Nf3 Nf6 2.c4 g6 3.g3 Bg7 4.Bg2 O-O 5.d4 d6 6.O-O Nbd7 7.Qc2 c6 8.Rd1 Qc7
9.e4 e5 10.h3 Re8 11.dxe5 dxe5 12.Be3 Bf8 13.c5 Qa5 14.Rc1 b6 15.cxb6 axb6
16.Nbd2 Ba6 17.Nc4 Bxc4 18.Qxc4 b5 19.Qxc6 Rec8 20.Qxc8 Rxc8 21.Rxc8 Kg7
22.Nd2 Bb4 23.Nb3 Qa6 24.Rc7 Qe6 25.Rac1 Ne8 26.R7c6 Qe7 27.Rd1 Bd6 28.Ra6 Bc5
29.Rxd7 Qxd7 30.Nxc5 Qd1+ 31.Kh2 Nd6 32.b3 b4 33.Ra7 Nb5 34.Rd7 Qc2 35.Ne6+ Kf6
36.Ng5 Kg7 37.Nxf7  1-0

[Event "Andorra op"]
[Site "Andorra"]
[Date "1995.??.??"]
[Round "5"]
[White "Nogueiras, Jesus"]
[Black "Groszpeter, Attila"]
[Result "1/2-1/2"]
[WhiteElo "2550"]
[BlackElo "2520"]

1.Nf3 Nf6 2.c4 g6 3.g3 Bg7 4.Bg2 O-O 5.d4 d6 6.O-O Nc6 7.Nc3 a6 8.h3 Rb8
9.Be3 Bd7 10.Rc1 e6 11.Qd2 b5 12.cxb5 axb5 13.Bh6 b4 14.Bxg7 Kxg7 15.Nb1 Ne7
16.Qc2 Bb5 17.Rfe1 c6 18.e4 Qa5 19.Nbd2 Rfc8 20.e5 dxe5 21.Nxe5 Qa7 22.Ndf3 h6
23.Ra1 c5 24.dxc5 Qxc5 25.Qxc5 Rxc5 26.Nd4  1/2-1/2

[Event "Andorra op"]
[Site "Andorra"]
[Date "1995.??.??"]
[Round "9"]
[White "Antunes, Antonio"]
[Black "Marin, Mihail"]
[Result "1/2-1/2"]
[WhiteElo "2525"]
[BlackElo "2540"]

1.Nf3 Nf6 2.c4 g6 3.g3 Bg7 4.Bg2 O-O 5.O-O d6 6.d4 Nbd7 7.Qc2 e5 8.Rd1 Re8
9.dxe5 dxe5 10.e4 c6  1/2-1/2

[Event "Ano Liosia op"]
[Site "Ano Liosia"]
[Date "1995.??.??"]
[Round "7"]
[White "Pavlovic, Milos"]
[Black "Georgiev, Krum"]
[Result "1/2-1/2"]
[WhiteElo "2505"]
[BlackElo "2445"]

1.Nf3 Nf6 2.c4 g6 3.g3 Bg7 4.Bg2 O-O 5.O-O d6 6.d4 c6 7.Nc3 a6 8.d5 a5 9.h3 Nfd7
10.Be3 Nb6 11.Bd4 Bh6 12.dxc6 Nxc6 13.b3 Nd7 14.Nd5 Nxd4 15.Nxd4 Nc5 16.e3 Bg7
17.Rc1 Bd7 18.Qe2 Ne6 19.Nxe6 Bxe6 20.Nf4 Bc8 21.c5 e6 22.cxd6 Qxd6 23.Rfd1 Qb6
24.Rc4 Bf6 25.h4 Rd8 26.Rxd8+ Qxd8 27.Nd3 Rb8 28.Rc1 b6 29.Nf4 Bd7 30.Qf3 Rc8
31.Rd1 Rc7 32.Qe2 Qc8 33.Rd6 Bc6 34.Bxc6 Rxc6 35.Rxc6 Qxc6 36.a4 Kg7  1/2-1/2

[Event "ARG-ch"]
[Site "?"]
[Date "1995.??.??"]
[Round "12"]
[White "Morovic Fernandez, Ivan"]
[Black "Giaccio, Alfredo"]
[Result "1/2-1/2"]
[WhiteElo "2585"]
[BlackElo "2410"]

1.Nf3 Nf6 2.c4 g6 3.g3 Bg7 4.Bg2 O-O 5.d4 c6 6.Nc3 d6 7.O-O Qb6 8.h3 Qa6
9.b3 b5 10.Nd2 bxc4 11.Nxc4 Be6 12.Qd3 Nd5 13.e3 Nb4 14.Qe2 Nd5 15.Qd2 Nxc3
16.Qxc3 Bd5 17.Bb2 Rc8 18.Qc2 Nd7 19.Rfd1 Bxg2 20.Kxg2 Nb6 21.Rdc1 Nxc4 22.Qxc4 Qb7
23.Kg1 c5 24.Qa4 h5 25.Rab1 Qd5 26.dxc5 Bxb2 27.Rxb2 Rxc5 28.Rxc5 Qxc5 29.Qd4 Rc8
30.Kg2 d5 31.Qd3 e6  1/2-1/2

[Event "Donau op"]
[Site "Aschach"]
[Date "1995.??.??"]
[Round "5"]
[White "Piven, Igor"]
[Black "Brandstaetter, Friedrich"]
[Result "1-0"]
[WhiteElo "2365"]
[BlackElo "2105"]

1.Nf3 Nf6 2.g3 g6 3.c4 Bg7 4.Bg2 O-O 5.O-O d6 6.d4 Nbd7 7.Nc3 e5 8.e4 c6
9.h3 a5 10.Be3 exd4 11.Nxd4 Nc5 12.Nb3 Ne6 13.Na4 Ra6 14.Qd3 Qc7 15.Rfd1 Rd8
16.Rac1 Bf8 17.f4 Nd7 18.Nc3 a4 19.Nd4 Ndc5 20.Nxe6 Nxe6 21.f5 Ng7 22.g4 Ne8
23.Rc2 Ra8 24.Kh1 Qa5 25.Bf4 Rd7 26.Qg3 Qb4 27.Bf1 Bg7 28.a3 Qb3 29.Rcd2 Bf8
30.c5 b6 31.cxd6 Bb7 32.e5 c5+ 33.Kh2 Rad8 34.Bb5 Ng7 35.Bxa4 Qc4 36.Bb5 Qb3
37.Bxd7 Rxd7 38.Ne4 Qxg3+ 39.Nxg3  1-0

[Event "AUT-chT2S 9495"]
[Site "?"]
[Date "1995.??.??"]
[Round "7"]
[White "Mencinger, Vojko"]
[Black "Groszpeter, Attila"]
[Result "0-1"]
[WhiteElo "2365"]
[BlackElo "2520"]

1.Nf3 Nf6 2.c4 g6 3.g3 Bg7 4.Bg2 O-O 5.O-O d6 6.d4 Nbd7 7.Nc3 e5 8.e4 c6
9.b3 Re8 10.h3 a6 11.Re1 b5 12.d5 cxd5 13.cxd5 Bb7 14.Bb2 Qb6 15.Bf1 Rac8
16.a4 b4 17.Nb1 Nh5 18.Kg2 f5 19.Nbd2 fxe4 20.Nxe4 Nhf6 21.a5 Qc7 22.Bc4 Nxe4
23.Rxe4 Nf6 24.Rxe5 Rxe5 25.Nxe5 dxe5 26.Kg1 Qd6 27.Qe1 Nd7 28.Qd2 h6 29.Re1 Kh7
30.Re4 Rf8 31.Rh4 Nf6 32.Bc1 Nxd5 33.Rxh6+ Bxh6 34.Qxh6+ Kg8 35.h4 Rf7 36.Bb2 Qf6
37.Qd2 Qf3 38.Bxe5 Qe4 39.Bd4 Kh7 40.h5 Nf4 41.hxg6+ Nxg6 42.f3 Qb1+ 43.Kh2 Bxf3
44.Bg1 Qf5  0-1